| 000 | 00920pam a2200277 i 4500 | ||
|---|---|---|---|
| 999 |
_c4881 _d4881 |
||
| 001 | 2706404 | ||
| 003 | GBCCL | ||
| 005 | 20241126110529.0 | ||
| 008 | 760420s1976 miu b 001 0 eng | ||
| 010 | _a 76013467 | ||
| 040 |
_aDLC _cDLC _dDLC |
||
| 050 | 0 | 0 |
_aBT888 _b.W34 |
| 082 | 0 | 0 |
_a236.9 _bWAL |
| 100 | 1 |
_aWalvoord, John F. _9125 |
|
| 245 | 1 | 4 |
_aThe blessed hope and the tribulation : _ba Biblical and historical study of posttribulationism / _cby John F. Walvoord. |
| 260 |
_aGrand Rapids : _bZondervan Pub. House, _cc1976. |
||
| 300 |
_a167, [9] p. ; _c21 cm. |
||
| 490 | 0 | _aContemporary evangelical perspectives | |
| 500 | _aIncludes indexes. | ||
| 504 | _aBibliography: p. [1-5] | ||
| 650 | 0 |
_aTribulation (Christian eschatology) _92041 |
|
| 650 | 0 |
_aRapture (Christian eschatology) _91501 |
|
| 650 | 0 |
_aSecond Advent. _9458 |
|
| 906 |
_a7 _bcbc _corignew _d1 _eocip _f19 _gy-gencatlg |
||
| 942 |
_2ddc _cBK _012 |
||